000 00444nab a2200145Ia 4500
003 ES-SlBCS
005 20210601125235.0
008 140529s1976 xxu||||| |||| 00| 0 eng d
041 _aeng
100 1 _aBurton, Robert G.
_9155858
245 0 4 _aThe Human Awareness of Time: An Analysis
_c Robert G. Burton
650 0 4 _aTiempo
_990216
773 0 _tPhilosophy and Phenomenological Research
_gvol. 36, 1976, págs. 303-318
_wRev1411
942 _cAR
999 _c527085
_d527085